Success in 20th century wotld affairs (Record no. 65802)
[ view plain ]
| 000 -LEADER | |
|---|---|
| fixed length control field | 00554nam a2200229Ia 4500 |
| 003 - CONTROL NUMBER IDENTIFIER | |
| control field | 0100 |
| 005 - DATE AND TIME OF LATEST TRANSACTION | |
| control field | 20171201094644.0 |
| 008 - FIXED-LENGTH DATA ELEMENTS--GENERAL INFORMATION | |
| fixed length control field | 130303s9999 xx 000 0 und d |
| 040 ## - CATALOGING SOURCE | |
| Transcribing agency | ARRUPELIB |
| 050 ## - LIBRARY OF CONGRESS CALL NUMBER | |
| Classification number | D443 1974 |
| 300 ## - PHYSICAL DESCRIPTION | |
| Other physical details | 21cm |
| 100 ## - MAIN ENTRY--PERSONAL NAME | |
| Personal name | Watson, Jack B. |
| 9 (RLIN) | 37876 |
| 245 ## - TITLE STATEMENT | |
| Title | Success in 20th century wotld affairs |
| 250 ## - EDITION STATEMENT | |
| Edition statement | 3rd. ed. |
| 260 ## - PUBLICATION, DISTRIBUTION, ETC. (IMPRINT) | |
| Name of publisher, distributor, etc | John Murray |
| Place of publication, distribution, etc | Portsmouth |
| Date of publication, distribution, etc | 1974 |
| 300 ## - PHYSICAL DESCRIPTION | |
| Extent | 487p. |
| 440 ## - SERIES STATEMENT/ADDED ENTRY--TITLE | |
| Title | Success studybooks |
| 9 (RLIN) | 37877 |
| 650 ## - SUBJECT ADDED ENTRY--TOPICAL TERM | |
| Topical term following geographic name as entry element | History, Modern |
| Chronological subdivision | 20th Century |
| 9 (RLIN) | 26905 |
| 650 ## - SUBJECT ADDED ENTRY--TOPICAL TERM | |
| Topical term following geographic name as entry element | World politics |
| Chronological subdivision | 20th Century |
| 9 (RLIN) | 37878 |
| 942 ## - ADDED ENTRY ELEMENTS (KOHA) | |
| Source of classification or shelving scheme | Library of Congress Classification |
| Koha item type | Monograph ( Printed materials) |
| Withdrawn status | Lost status | Source of classification or shelving scheme | Damaged status | Not for loan | Collection code | Home library | Current library | Shelving location | Date acquired | Total Checkouts | Full call number | Barcode | Date last seen | Copy number | Price effective from | Koha item type |
|---|---|---|---|---|---|---|---|---|---|---|---|---|---|---|---|---|
| Library of Congress Classification | Main Collection | ARRUPE LIBRARY | ARRUPE LIBRARY | Main Collection | 05/03/2013 | D443.W339 1974 | 46004002936 | 13/10/2017 | 1 | 05/03/2013 | Monograph ( Printed materials) |